Statistics for All Celtic Languages on a Map

Click here to take the quiz!

General Stats

  • This quiz has been taken 2,328 times
  • The average score is 5 of 6

Answers on the Map

Answers color-coded by a green-red scale on the quiz's map according to % correct below.
 

Answer Stats

L1L2% of Region L1% of Region L2Languages% Correct
238 k2.1 mil3%29%Irish
98%
58 k87 k1%2%Scottish Gaelic
98%
562 k905 k18%29%Welsh
98%
05630%<1%Cornish
86%
222 k356 k6%11%Breton
79%
232.2 k<1%2%Manx
77%

Score Distribution

Percentile by Number Answered

Percent of People with Each Score

Your Score History

You have not taken this quiz